A Survey of Financial and Managerial Accounting, (Record no. 6421)

MARC details
005 - DATE AND TIME OF LATEST TRANSACTION
control field 20250629150711.0
020 ## - INTERNATIONAL STANDARD BOOK NUMBER
International Standard Book Number 0-256-06976-x
082 ## - DEWEY DECIMAL CLASSIFICATION NUMBER
Classification number 657 EDW
100 ## - MAIN ENTRY--PERSONAL NAME
Author name DWARS, J. D.
245 ## - TITLE STATEMENT
Title A Survey of Financial and Managerial Accounting,
250 ## - EDITION STATEMENT
Edition statement 5th Ed.
260 ## - PUBLICATION, DISTRIBUTION, ETC.
Name of publisher, distributor, etc. Homewood,
Date of publication, distribution, etc. 1989.
300 ## - PHYSICAL DESCRIPTION
Extent xii, 836p,: ill.;
Other physical details Index
Dimensions 24cm
700 ## - ADDED ENTRY--PERSONAL NAME
Other authors/Editors HERMANSON, R. H.
942 ## - ADDED ENTRY ELEMENTS (KOHA)
Source of classification or shelving scheme Dewey Decimal Classification
Koha item type Books
Holdings
Date last seen Total checkouts Full call number Barcode Cost, replacement price Price effective from Koha item type Lost status Source of classification or shelving scheme Damaged status Not for loan Withdrawn status Home library Current library Shelving location Date acquired Cost, normal purchase price
06/29/2025   657 EDW DOM000452 90000.00 06/29/2025 Books   Dewey Decimal Classification       CBE Dodoma CBE Dodoma General Collection 07/24/2001 30000.00